00390nam a2200133Ia 4500003000400000008004100004020002400045040000800069100002100077245010100098260003000199300001500229365001200244LDD181029s9999 xx 000 0 und d a041536132XcP 23.99 cLDD aGossling, Stefan 0aTourism and global environment changebecological, social, economic and politiccStefan Gossling aNew YorkbRoutledgec2006 aviii, 316p bP 23.99